[Event "GER M-450 D email"]
[Site "GER email"]
[Date "2009.??.??"]
[Round "?"]
[White "Walka, Wolfram"]
[Black "Buhle, Gerd"]
[Result "1/2-1/2"]
[WhiteElo "2011"]
[BlackElo "1996"]
[PlyCount "57"]
[EventDate "2010.??.??"]
[EventType "tourn (corr)"]
[EventRounds "1"]
[EventCountry "GER"]
[SourceTitle "Corr 2015"]
[Source "ChessBase"]
[SourceDate "2015.07.17"]
[SourceVersion "1"]
[SourceVersionDate "2015.07.17"]
[SourceQuality "1"]

1. e4 c5 2. Nf3 Nc6 3. d4 cxd4 4. Nxd4 e5 5. Nb5 d6 6. c4 Nf6 7. N1c3 Be7 8. Bd3 a6 9. Na3 Nd7 10. 0-0 Nc5 11. Nc2 0-0 12. Ne3 Bg5 13. Ncd5 a5 14. Bc2 Re8 15. a3 a4 16. Nf5 Bxc1 17. Rxc1 Kh8 18. Qh5 g6 19. Qh6 Rg8 20. Ng3 Be6 21. Qe3 Rg7 22. f4 exf4 23. Rxf4 Qg5 24. Bb1 Ne5 25. Rc3 Ng4 26. Qf3 Nb3 27. Ba2 Nc5 28. Bb1 Nb3 29. Ba2 1/2-1/2